El Libro del Pueblo de Dios: La Biblia
Guardat en:
| Autor corporatiu: | |
|---|---|
| Format: | Llibre |
| Idioma: | espanyol |
| Publicat: |
Madrid
Sociedad Bíblica Católica Internacional
2000
|
| Edició: | 24a. ed |
| Matèries: | |
| Etiquetes: |
Afegir etiqueta
Sense etiquetes, Sigues el primer a etiquetar aquest registre!
|
MARC
| LEADER | 00000nam a2200000 a 4500 | ||
|---|---|---|---|
| 001 | UCH5382 | ||
| 003 | CL-VaPUC | ||
| 008 | 091014e20000000SP |||||||||||||||||spa|d | ||
| 020 | |a 8428508194 | ||
| 082 | 0 | 4 | |a 220 |b SAN |2 21 |
| 110 | 2 | |a San Pablo |e author |9 541654 | |
| 245 | 1 | 3 | |a El Libro del Pueblo de Dios: La Biblia |
| 250 | |a 24a. ed | ||
| 300 | |a 1808 p | ||
| 942 | |c BK | ||
| 945 | |d 20091014 00:00:00 |a ccalabra | ||
| 260 | |a Madrid |b Sociedad Bíblica Católica Internacional |c 2000 | ||
| 650 | 0 | |a Cristianismo |9 257361 | |
| 650 | 0 | |a Catolicismo |9 258690 | |
| 650 | 0 | |a Antiguo testamento |9 313678 | |
| 650 | 0 | |a Nuevo testamento |9 257604 | |
| 650 | 7 | |a LIBROS SAGRADOS |2 CL-VaPUC |9 541655 | |
| 650 | 0 | |a Evangelios |9 314864 | |
| 650 | 7 | |a PERSONAJES BIBLICOS |2 CL-VaPUC |9 478621 | |
| 650 | 0 | |a Teología cristiana |9 308336 | |
| 583 | |a last modification |c 20091014 00:00:00 |k Rodrigo Vera | ||
| 999 | |c 336527 |d 336525 | ||